| 000 | 00556nam a22001457a 4500 | ||
|---|---|---|---|
| 999 |
_c113580 _d113580 |
||
| 005 | 20190903092240.0 | ||
| 008 | 190820b ||||| |||| 00| 0 eng d | ||
| 040 | _cPK-LaUMT | ||
| 082 |
_a305.8924 _bMAR-Y |
||
| 100 | _aMarsdon, Victory = مارسٖڈن، وکٹرای | ||
| 245 |
_aYahoodi protocols = یہودی پروٹوکولز / _cby Victory Marsdon; translated by Muhammad Yahya Khan = از وکٹرای مارسڈن؛ مترجم محمد یحی خان |
||
| 260 |
_aLahore : _bNigarshat Publishers, _c2019 |
||
| 300 | _a230 + 106 p. | ||
| 942 | _cBK | ||